Wszystkie państwa z Euro Truck Symulator 2 - Statystyki

Ogólne statystyki
  • Ten quiz został rozwiązany 129 razy
    45 od ostatniego zresetowania
  • Średni wynik to 32 z 35
Statystyki odpowiedzi
Odpowiedź % Poprawnych
Niemcy
100%
Polska
100%
Francja
98%
Rosja
98%
Węgry
98%
Estonia
95%
Litwa
95%
Łotwa
95%
Portugalia
95%
Szwecja
95%
Wielka Brytania
95%
Czechy
93%
Finlandia
93%
Grecja
93%
Hiszpania
93%
Norwegia
93%
Rumunia
93%
Słowacja
93%
Albania
90%
Austria
90%
Belgia
90%
Serbia
90%
Bośnia i Hercegowina
88%
Chorwacja
88%
Holandia
88%
Słowenia
88%
Turcja
88%
Luksemburg
85%
Włochy
85%
Bułgaria
83%
Czarnogóra
80%
Dania
80%
Kosowo
80%
Szwajcaria
80%
Macedonia Północna
73%
Nie znaleziono quizów pasujących do podanych kryteriów
Rozkład punktacji
Procent ludzi z każdym wynikiem
Percentyl według liczby udzielonych odpowiedzi
Twoja historia wyników
Nie rozwiązałeś tego quizu od ostatniego zresetowania